LEADER 01612nam0 22003853i 450 001 VAN00249365 005 20240806101418.849 017 70$2N$a9783030527846 100 $a20220830d2020 |0itac50 ba 101 $aeng 102 $aCH 105 $a|||| ||||| 200 1 $aIntroduction to Functional Analysis$fChristian Clason 210 $aCham$cBirkhäuser$cSpringer$d2020 215 $ax, 170 p.$cill.$d24 cm 410 1$1001VAN00103268$12001 $aCompact textbooks in mathematics$1210 $aBasel [etc.]$cBirkhäuser$d2013- 500 1$3VAN00249366$aEinführung in die Funktionalanalysis$92905453 606 $a46-XX$xFunctional analysis [MSC 2020]$3VANC019764$2MF 610 $aDual space$9KW:K 610 $aLinear operators$9KW:K 610 $aNormed vector space$9KW:K 610 $aSpectrum$9KW:K 610 $aWeak convergence$9KW:K 620 $aCH$dCham$3VANL001889 700 1$aClason$bChristian$3VANV203980$01065688 712 $aBirkhäuser $3VANV108193$4650 712 $aSpringer $3VANV108073$4650 801 $aIT$bSOL$c20241115$gRICA 856 4 $uhttp://doi.org/10.1007/978-3-030-52784-6$zE-book ? Accesso al full-text attraverso riconoscimento IP di Ateneo, proxy e/o Shibboleth 899 $aBIBLIOTECA DEL DIPARTIMENTO DI MATEMATICA E FISICA$1IT-CE0120$2VAN08 912 $fN 912 $aVAN00249365 950 $aBIBLIOTECA DEL DIPARTIMENTO DI MATEMATICA E FISICA$d08DLOAD e-book 4702 $e08eMF4702 20220830 996 $aEinführung in die Funktionalanalysis$92905453 997 $aUNICAMPANIA LEADER 01985nam0 22004453i 450 001 VAN00170119 005 20240806101034.91 017 70$2N$a9783319318363 100 $a20210701d2016 |0itac50 ba 101 $aeng 102 $aCH 105 $a|||| ||||| 200 1 $aRock Legends$ethe Asteroids and Their Discoverers$fPaul Murdin 210 $aCham$cSpringer ; Chichester$cPraxis$d2016 215 $aix, 207 p.$cill.$d24 cm 410 1$1001VAN00132699$12001 $aPopular Astronomy. Subseries$1210 $aNew York [etc.]$cSpringer 500 1$3VAN00170122$aRock Legends : the Asteroids and Their Discoverers$91813539 606 $a00-XX$xGeneral and overarching topics; collections [MSC 2020]$3VANC025238$2MF 606 $a85-XX$xAstronomy and Astrophysics [MSC 2020]$3VANC023246$2MF 610 $aAsteroid Discovery$9KW:K 610 $aAsteroid Missions$9KW:K 610 $aAsteroids in early solar system$9KW:K 610 $aHistory of asteroid names$9KW:K 610 $aIdentifying and discovering asteroids$9KW:K 610 $aMeteorites relation to asteroids$9KW:K 610 $aMinor planets in solar system$9KW:K 610 $aNaming of asteroids$9KW:K 620 $aGB$dChichester$3VANL000049 620 $aCH$dCham$3VANL001889 700 1$aMurdin$bPaul$3VANV107506$0464169 712 $aPraxis $3VANV115210$4650 712 $aSpringer $3VANV108073$4650 801 $aIT$bSOL$c20241115$gRICA 856 4 $uhttp://doi.org/10.1007/978-3-319-31836-3$zE-book ? Accesso al full-text attraverso riconoscimento IP di Ateneo, proxy e/o Shibboleth 899 $aBIBLIOTECA DEL DIPARTIMENTO DI MATEMATICA E FISICA$1IT-CE0120$2VAN08 912 $fN 912 $aVAN00170119 950 $aBIBLIOTECA DEL DIPARTIMENTO DI MATEMATICA E FISICA$d08DLOAD e-book 2846 $e08eMF2846 20210701 996 $aRock Legends : the Asteroids and Their Discoverers$91813539 997 $aUNICAMPANIA LEADER 01620nam0 22003973i 450 001 VAN00268765 005 20240806101526.287 017 70$2N$a9781461325253 100 $a20231214d1985 |0itac50 ba 101 $aeng 102 $aUS 105 $a|||| ||||| 200 1 $aFourier Techniques and Applications$fedited by John F. Price 210 $aNew York$cPlenum$d1985 215 $aviii, 231 p.$d24 cm 606 $a00B25$xProceedings of conferences of miscellaneous specific interest [MSC 2020]$3VANC020732$2MF 606 $a42-XX$xHarmonic analysis on Euclidean spaces [MSC 2020]$3VANC019851$2MF 606 $a94-XX$xInformation and communication theory, circuits [MSC 2020]$3VANC019701$2MF 610 $aCalculus$9KW:K 610 $aDiffusion$9KW:K 610 $aDistribution$9KW:K 610 $aFunctions$9KW:K 610 $aMetals$9KW:K 610 $aProcessing$9KW:K 610 $aSpectroscopy$9KW:K 620 $aUS$dNew York$3VANL000011 702 1$aPrice$bJohn F.$3VANV220639 712 $aPlenum $3VANV108321$4650 801 $aIT$bSOL$c20250606$gRICA 856 4 $uhttps://doi.org/10.1007/978-1-4613-2525-3$zE-book ? Accesso al full-text attraverso riconoscimento IP di Ateneo, proxy e/o Shibboleth 899 $aBIBLIOTECA DEL DIPARTIMENTO DI MATEMATICA E FISICA$1IT-CE0120$2VAN08 912 $fN 912 $aVAN00268765 950 $aBIBLIOTECA DEL DIPARTIMENTO DI MATEMATICA E FISICA$d08DLOAD e-book 7709 $e08eMF7709 20231218 996 $aFourier Techniques and Applications$93644235 997 $aUNICAMPANIA